[Event "Olympiad Women-39"]
[Site "Khanty-Mansiysk"]
[Date "2010.09.25"]
[Round "5.20"]
[White "Fernandez, Maria Florencia"]
[Black "Docena, Jedara"]
[Result "1-0"]
[WhiteElo "2119"]
[BlackElo "2033"]
[PlyCount "99"]
[EventDate "2010.09.21"]
[EventType "team-swiss"]
[EventRounds "11"]
[EventCountry "RUS"]
[SourceTitle "CBM 139"]
[Source "ChessBase"]
[SourceDate "2010.11.18"]
[SourceVersion "1"]
[SourceVersionDate "2010.11.18"]
[SourceQuality "1"]
[WhiteTeam "Argentina (W)"]
[BlackTeam "Philippines (W)"]
[WhiteTeamCountry "ARG"]
[BlackTeamCountry "PHI"]

1. d4 d5 2. c4 c6 3. Nf3 Nf6 4. Nc3 dxc4 5. e4 b5 6. e5 Nd5 7. a4 e6 8. axb5 Nxc3 9. bxc3 cxb5 10. Ng5 Bb7 11. Qh5 g6 12. Qg4 Be7 13. h4 h6 14. Ne4 h5 15. Qf4 Qd5 16. f3 Nc6 17. Be3 a5 18. Be2 Qd8 19. Qg3 Nb8 20. Bg5 Bxe4 21. Bxe7 Qxe7 22. fxe4 Nd7 23. 0-0 a4 24. Rfb1 Rb8 25. Rb4 0-0 26. Bxh5 Kh7 27. Be2 Rb6 28. Qh3 Nb8 29. Bxc4 Qb7 30. Rab1 a3 31. h5 g5 32. Qf3 Qa7 33. Ba2 Nc6 34. Rxb5 Rxb5 35. Rxb5 Qa4 36. Rb7 Nd8 37. Rb3 Rg8 38. Qd3 Qa8 39. d5 Kh6 40. Qd4 Kxh5 41. c4 Qa5 42. Rh3+ Kg6 43. Qf2 Kg7 44. c5 Qc7 45. Qf6+ Kf8 46. c6 g4 47. Rh8 Qb6+ 48. Kh2 g3+ 49. Kh3 Nxc6 50. Qh6+ 1-0

[Event "PHI-ch (Women)"]
[Site "Tagaytay City"]
[Date "2010.05.31"]
[Round "7"]
[White "Docena, Jedara"]
[Black "Bernales, Christy Lamiel"]
[Result "1/2-1/2"]
[WhiteElo "2008"]
[BlackElo "2043"]
[PlyCount "79"]
[EventDate "2010.05.25"]
[EventType "tourn"]
[EventRounds "11"]
[EventCountry "PHI"]
[SourceTitle "CBM 136 Extra"]
[Source "ChessBase"]
[SourceDate "2010.07.02"]
[SourceVersion "2"]
[SourceVersionDate "2010.07.15"]
[SourceQuality "1"]

1. e4 e6 2. Nc3 d5 3. Nf3 Nf6 4. e5 Nfd7 5. d4 c5 6. dxc5 Bxc5 7. Bd3 Nc6 8. Bf4 h6 9. Bg3 0-0 10. 0-0 a6 11. a3 b5 12. Qd2 Bb7 13. Rfe1 Nb6 14. Qf4 b4 15. Nd1 bxa3 16. bxa3 a5 17. c3 Ba6 18. Bc2 Nc4 19. Qg4 Kh8 20. Qh5 Ne7 21. Bh4 Qe8 22. Bf6 Ng8 23. Ng5 Be7 24. Nh7 Bxf6 25. Nxf8 Be7 26. Ng6+ fxg6 27. Bxg6 Qf8 28. a4 Bc5 29. Bf7 Bc8 30. Bg6 Ne7 31. Bd3 Ba6 32. Qh3 Nb2 33. Nxb2 Qxf2+ 34. Kh1 Qxb2 35. Bxa6 Rxa6 36. Rab1 Qc2 37. Rec1 Qe4 38. Re1 Qc2 39. Rec1 Qe4 40. Re1 1/2-1/2

[Event "PHI-ch (Women)"]
[Site "Tagaytay City"]
[Date "2010.05.31"]
[Round "8"]
[White "Mejia, Cherry Ann"]
[Black "Docena, Jedara"]
[Result "1/2-1/2"]
[WhiteElo "1868"]
[BlackElo "2008"]
[PlyCount "93"]
[EventDate "2010.05.25"]
[EventType "tourn"]
[EventRounds "11"]
[EventCountry "PHI"]
[SourceTitle "CBM 136 Extra"]
[Source "ChessBase"]
[SourceDate "2010.07.02"]
[SourceVersion "2"]
[SourceVersionDate "2010.07.15"]
[SourceQuality "1"]

1. e4 d6 2. d4 g6 3. Nc3 Bg7 4. Be3 Nf6 5. f3 c6 6. Qd2 0-0 7. 0-0-0 b5 8. g4 Qa5 9. Kb1 Nbd7 10. h4 h5 11. Bh6 b4 12. Bxg7 Kxg7 13. Nce2 Nb6 14. gxh5 Nxh5 15. Nh3 Nc4 16. Qe1 Ne3 17. Rc1 Be6 18. b3 Qb6 19. Qd2 Nxf1 20. Rcxf1 Bxh3 21. Rxh3 a5 22. Rd1 a4 23. Nf4 Rh8 24. d5 c5 25. Nxh5+ Rxh5 26. f4 Rah8 27. Qf2 axb3 28. cxb3 Kf8 29. Rg1 Qb5 30. Rg5 Qd7 31. Rh2 Rxg5 32. hxg5 Rxh2 33. Qxh2 Kg8 34. Qg3 Qb5 35. Qh3 Qe2 36. Qh1 Qe3 37. f5 Qxg5 38. fxg6 fxg6 39. Qf3 Qe5 40. Qg4 Kg7 41. Qh4 Kf7 42. Qh7+ Qg7 43. Qh3 Kf6 44. Qh2 g5 45. Qf2+ Kg6 46. Qf5+ Kh5 47. Qh3+ 1/2-1/2

[Event "PHI-ch (Women)"]
[Site "Tagaytay City"]
[Date "2010.05.30"]
[Round "6"]
[White "Suede, Mikee Charlene"]
[Black "Docena, Jedara"]
[Result "1-0"]
[WhiteElo "1949"]
[BlackElo "2008"]
[PlyCount "131"]
[EventDate "2010.05.25"]
[EventType "tourn"]
[EventRounds "11"]
[EventCountry "PHI"]
[SourceTitle "CBM 136 Extra"]
[Source "ChessBase"]
[SourceDate "2010.07.02"]
[SourceVersion "2"]
[SourceVersionDate "2010.07.15"]
[SourceQuality "1"]

1. e4 c5 2. Nc3 Nc6 3. f4 g6 4. g3 Bg7 5. Bg2 e6 6. d3 d6 7. Nf3 Nge7 8. 0-0 0-0 9. Qe1 Bd7 10. h3 Nd4 11. Qf2 f5 12. Nd1 Bc6 13. c3 Nxf3+ 14. Bxf3 Rc8 15. Qg2 d5 16. Nf2 Qc7 17. Kh1 c4 18. e5 cxd3 19. Nxd3 Qb6 20. Nb4 Bb5 21. Rd1 Rfd8 22. Nc2 Bc6 23. Nd4 Kf7 24. Be3 Qc7 25. g4 Rg8 26. Rg1 b6 27. Qf2 Qd8 28. Qh4 h6 29. Rg2 Be8 30. Rag1 Nc6 31. Qg3 Nxd4 32. Bxd4 Kf8 33. gxf5 gxf5 34. Qf2 Rc7 35. Qe2 Qh4 36. Be3 Rh8 37. Kh2 h5 38. Qd2 Bh6 39. c4 dxc4 40. Qd6+ Qe7 41. Qd4 Qd7 42. Qc3 Bf7 43. Rd2 Qe7 44. Rgd1 Kg7 45. Rd4 Rhc8 46. Qd2 Kh7 47. Qf2 Qe8 48. Qd2 c3 49. bxc3 Rxc3 50. Qe1 Bxf4+ 51. Rxf4 Qb5 52. Bf2 Rc2 53. Rh4 Qb2 54. Kg1 Rg8+ 55. Bg3 Qa3 56. Rf4 Rc3 57. Qf2 Qc5 58. Kh2 Rc2 59. Be2 Qxe5 60. Re1 Qb2 61. Qe3 Rd8 62. Rf2 Qd4 63. Qxd4 Rxd4 64. Bb5 Rc5 65. Rb2 Rdd5 66. a4 1-0

[Event "PHI-ch (Women)"]
[Site "Tagaytay City"]
[Date "2010.05.25"]
[Round "1"]
[White "Secopito, Catherine"]
[Black "Docena, Jedara"]
[Result "1/2-1/2"]
[WhiteElo "2090"]
[BlackElo "2008"]
[PlyCount "74"]
[EventDate "2010.05.25"]
[EventType "tourn"]
[EventRounds "11"]
[EventCountry "PHI"]
[SourceTitle "CBM 136 Extra"]
[Source "ChessBase"]
[SourceDate "2010.07.02"]
[SourceVersion "2"]
[SourceVersionDate "2010.07.15"]
[SourceQuality "1"]

1. d4 d5 2. c4 c6 3. Nc3 Nf6 4. Nf3 dxc4 5. a4 Bf5 6. e3 a5 7. Bxc4 e6 8. 0-0 Bb4 9. Qb3 Qe7 10. Ne5 0-0 11. Bd2 Nbd7 12. Nd3 Nb6 13. Nb1 Nxc4 14. Bxb4 axb4 15. Qxc4 Bxd3 16. Qxd3 b5 17. Qc2 Ra6 18. Nd2 Rfa8 19. a5 e5 20. Nb3 e4 21. Rfc1 h5 22. Qd1 g6 23. Rc5 Nd7 24. Rc2 Qe6 25. Rd2 Qd5 26. Rc1 Kh7 27. Kh1 Re8 28. Qc2 Rd8 29. Qd1 Re8 30. Qc2 Rd8 31. h3 Kg7 32. Kg1 Kh7 33. Rcd1 Qc4 34. Rc1 Qd5 35. Rcd1 Qc4 36. Rc1 Qd5 37. Re1 Re8 1/2-1/2

[Event "ASEAN-ch U20 Girls 10th"]
[Site "Hue"]
[Date "2009.06.11"]
[Round "9"]
[White "Docena, Jedara"]
[Black "Le, Thi Ha"]
[Result "1-0"]
[WhiteElo "1999"]
[BlackElo "1900"]
[PlyCount "59"]
[EventDate "2009.06.07"]
[EventType "swiss"]
[EventRounds "9"]
[EventCountry "VIE"]
[SourceTitle "EXT 2010"]
[Source "ChessBase"]
[SourceDate "2010.11.25"]
[SourceVersion "1"]
[SourceVersionDate "2010.11.25"]
[SourceQuality "1"]

1. e4 e5 2. Nc3 Nc6 3. f4 d6 4. Nf3 g6 5. Bc4 Bg7 6. d3 Be6 7. Bxe6 fxe6 8. fxe5 Nxe5 9. Nxe5 Bxe5 10. Be3 Bxc3+ 11. bxc3 Qf6 12. Kd2 Kd7 13. Rf1 Qh4 14. h3 Ne7 15. Rf4 Qh6 16. Rf7 g5 17. Qg4 Rhg8 18. Raf1 Raf8 19. Rxf8 Rxf8 20. Bxg5 Qg7 21. Rxf8 Qxf8 22. Qh4 Nc8 23. Qxh7+ Kc6 24. Qh4 Qf1 25. Qg3 Nb6 26. Qf3 Qa1 27. e5+ d5 28. Qf6 d4 29. Qxe6+ Kb5 30. Qb3+ 1-0

[Event "ASEAN-ch U20 Girls 10th"]
[Site "Hue"]
[Date "2009.06.10"]
[Round "6"]
[White "Le, Hoang Tran Chau"]
[Black "Docena, Jedara"]
[Result "1-0"]
[WhiteElo "2077"]
[BlackElo "1999"]
[PlyCount "77"]
[EventDate "2009.06.07"]
[EventType "swiss"]
[EventRounds "9"]
[EventCountry "VIE"]
[SourceTitle "EXT 2010"]
[Source "ChessBase"]
[SourceDate "2010.11.25"]
[SourceVersion "1"]
[SourceVersionDate "2010.11.25"]
[SourceQuality "1"]

1. d4 d6 2. Nf3 Bg4 3. e3 Nf6 4. b3 g6 5. h3 Bxf3 6. Qxf3 c6 7. Bb2 Bg7 8. Nd2 Nbd7 9. e4 Qc7 10. g4 h6 11. Qg3 0-0-0 12. a4 Rhe8 13. 0-0-0 Kb8 14. Bg2 Rc8 15. e5 dxe5 16. dxe5 Nd5 17. Rhe1 Nc5 18. Ne4 Ne6 19. Rd2 Rcd8 20. Bf1 Ndf4 21. Rxd8+ Rxd8 22. Nd2 g5 23. Bc4 Qd7 24. Nf3 b5 25. axb5 cxb5 26. Bf1 Qd5 27. Kb1 Nc5 28. Nd4 a6 29. Nf5 Bf8 30. Qe3 Qd2 31. Nd4 Qxe3 32. fxe3 Nd5 33. Nc6+ Kc7 34. Nxd8 Nb6 35. Nxf7 Kd7 36. e6+ Kxe6 37. Ne5 Bg7 38. Nd3 Nxd3 39. Bxd3 1-0

[Event "ASEAN-ch U20 Girls 10th"]
[Site "Hue"]
[Date "2009.06.07"]
[Round "1"]
[White "Docena, Jedara"]
[Black "Hoang, Thi Nhu Y"]
[Result "1-0"]
[WhiteElo "1999"]
[BlackElo "2123"]
[PlyCount "43"]
[EventDate "2009.06.07"]
[EventType "swiss"]
[EventRounds "9"]
[EventCountry "VIE"]
[SourceTitle "EXT 2010"]
[Source "ChessBase"]
[SourceDate "2010.11.25"]
[SourceVersion "1"]
[SourceVersionDate "2010.11.25"]
[SourceQuality "1"]

1. e4 c6 2. d4 d5 3. exd5 cxd5 4. c4 Nf6 5. Nc3 e6 6. Nf3 Be7 7. cxd5 Nxd5 8. Bd3 Nc6 9. 0-0 0-0 10. Re1 Bd7 11. a3 Nxc3 12. bxc3 Rc8 13. Rb1 Qc7 14. Ng5 Bxg5 15. Bxg5 Na5 16. Bf6 Qf4 17. Be5 Qg5 18. Re3 g6 19. Rg3 Qe7 20. Qh5 f6 21. Bxg6 Kh8 22. Bd6 1-0